Normal view
MARC view
- شيشير ، ج ، س ، فيفوت ، س ، ه ، فيرمستون ، م ، ب
Entry Personal Name
001 - CONTROL NUMBER
- control field: 18862
003 - CONTROL NUMBER IDENTIFIER
- control field: JO-AjAnu
005 - DATE AND TIME OF LATEST TRANSACTION
- control field: 20230606073314.0
008 - FIXED-LENGTH DATA ELEMENTS
- fixed length control field: 230606|| aca||aabn | a|a d
040 ## - CATALOGING SOURCE
- Original cataloging agency: JO-AjAnu
- Transcribing agency: JO-AjAnu
100 ## - HEADING--PERSONAL NAME
- Personal name: شيشير ، ج ، س ، فيفوت ، س ، ه ، فيرمستون ، م ، ب
670 ## - SOURCE DATA FOUND
- Source citation: Work cat.: (JO-AjAnu)9680: شيشير ، ج ، س ، فيفوت ، س ، ه ، فيرمستون ، م ، ب , author, أسباب انقضاء العقد الوفاء - الإقالة - الإستحالة - الإخلال